Bhāratīya śāsana evaṃ rājanīti kā vikāsa. (Record no. 72916)

MARC details
000 -LEADER
fixed length control field 00825cam a22002651 4500
001 - CONTROL NUMBER
control field sa 67001897
003 - CONTROL NUMBER IDENTIFIER
control field DLC
005 - DATE AND TIME OF LATEST TRANSACTION
control field 20260227112326.0
008 - FIXED-LENGTH DATA ELEMENTS--GENERAL INFORMATION
fixed length control field 890726s1963 ii b 000 0 hino
010 ## - LIBRARY OF CONGRESS CONTROL NUMBER
LC control number sa 67001897
035 ## - SYSTEM CONTROL NUMBER
System control number (OCoLC)20074718
040 ## - CATALOGING SOURCE
Original cataloging agency DLC
Transcribing agency WaU
Modifying agency DLC
042 ## - AUTHENTICATION CODE
Authentication code premarc
043 ## - GEOGRAPHIC AREA CODE
Geographic area code a-ii---
050 00 - LIBRARY OF CONGRESS CALL NUMBER
Classification number JQ211
Item number .S44
100 1# - MAIN ENTRY--PERSONAL NAME
Personal name Sharan, Parmatma,
Dates associated with a name 1916-
245 10 - TITLE STATEMENT
Title Bhāratīya śāsana evaṃ rājanīti kā vikāsa.
Remainder of title Development of government and politics in India.
260 ## - PUBLICATION, DISTRIBUTION, ETC.
Date of publication, distribution, etc. [1963]
300 ## - PHYSICAL DESCRIPTION
Extent v, 684, vii, iv,
Dimensions 22 cm.
500 ## - GENERAL NOTE
General note In Hindi.
504 ## - BIBLIOGRAPHY, ETC. NOTE
Bibliography, etc. note Bibliography: p. [i]-iv (last group)
651 #0 - SUBJECT ADDED ENTRY--GEOGRAPHIC NAME
Geographic name India
General subdivision Politics and government
Chronological subdivision 1765-1947.
651 #0 - SUBJECT ADDED ENTRY--GEOGRAPHIC NAME
Geographic name India
General subdivision Politics and government
Chronological subdivision 1947-
740 0# - ADDED ENTRY--UNCONTROLLED RELATED/ANALYTICAL TITLE
Uncontrolled related/analytical title Development of government and politics in India.

No items available.

Powered by Koha